[Event "It (open)"]
[Site "masterchessopen.com Cuxhaven (Germany)"]
[Round "2"]
[White "Bykhovsky Avigdor (RUS)"]
[Black "Meins Gerlef (GER)"]
[Result "1-0"]
[WhiteElo "2470"]
[BlackElo "2490"]

1.d4 d5 2.c4 dxc4 3.e3 Nf6 4.Bxc4 e6 5.Nf3 c5 6.O-O a6 7.Bd3 Nc6 8.dxc5 Bxc5
9.a3 O-O 10.b4 Bd6 11.Bb2 e5 12.Nc3 Qe7 13.Ng5 h6 14.Nge4 Nxe4 15.Nxe4 Bc7
16.Bc4 Be6 17.Bxe6 Qxe6 18.Nc5 Qe7 19.Nxb7 Rfb8 20.Nc5 a5 21.Qf3 e4 22.Qg4
{#r} 1-0

[Event "It (open)"]
[Site "masterchessopen.com Hamburg (Germany)"]
[Round "9"]
[White "Chuchelov Vladimir (BEL)"]
[Black "Lazarev Vladimir (FRA)"]
[Result "1-0"]
[WhiteElo "2500"]
[BlackElo "2440"]

1.d4 Nf6 2.Nf3 d5 3.c4 dxc4 4.e3 e6 5.Bxc4 c5 6.O-O a6 7.Bd3 Nbd7 8.Qe2 b6
9.Rd1 Bb7 10.Nc3 Bd6 11.dxc5 Nxc5 12.e4 Qb8 13.Bc2 Ncd7 14.Rxd6 Qxd6 15.e5
Nxe5 16.Nxe5 O-O 17.Bg5 Nd5 18.Rd1 f6 19.Qh5 h6 20.Qg6 Qxe5 21.Qh7+ Kf7
22.Bg6+ Ke7 23.Qxg7+ Kd6 24.Ne4+ Kc6 25.Rc1+ Kb5 26.Qd7+ {#r} 1-0

[Event "Ch Hungary (team) 1992/93"]
[Site "masterchessopen.com Hungary"]
[Round "0"]
[White "Lakatos Vladimir (SVK)"]
[Black "Lehmann Zoltan (HUN)"]
[Result "0-1"]
[WhiteElo "2176"]
[BlackElo "2308"]

1.Nf3 Nf6 2.d4 d5 3.e3 e6 4.c4 dxc4 5.Bxc4 c5 6.O-O a6 7.dxc5 Qxd1 8.Rxd1 Bxc5
9.a4 Nc6 10.b3 b6 11.Nd4 Nb4 12.Nc3 Bb7 13.Na2 Nxa2 14.Rxa2 Rd8 15.Rad2 O-O
16.f3 Nd5 17.Bxd5 Rxd5 18.e4 Rxd4 19.Rxd4 e5 20.Ba3 Bxd4+ 21.Kf1 Rc8 {#R} 0-1

[Event "Ch Hungary (team) 1993/94"]
[Site "masterchessopen.com Hungary"]
[Round "0"]
[White "Csiszar Csaba (HUN)"]
[Black "Sapi Laszlo (HUN)"]
[Result "1-0"]
[WhiteElo "2394"]
[BlackElo "2275"]

1.d4 d5 2.c4 dxc4 3.e3 Nf6 4.Bxc4 e6 5.Nf3 c5 6.O-O a6 7.Bb3 Nc6 8.Qe2 Be7
9.Rd1 O-O 10.Nc3 Qc7 11.Bd2 Bd7 12.Rac1 cxd4 13.exd4 Rad8 14.Bg5 Qb6 15.d5 Na5
16.Be3 Qb4 17.Bc2 Nxd5 18.Nxd5 exd5 19.Bd2 {#r} 1-0

[Event "Ch Switzerland"]
[Site "masterchessopen.com Silvaplana (Switzerland)"]
[Round "0"]
[White "Huss Andreas (SUI)"]
[Black "Masserey Yvan (SUI)"]
[Result "1-0"]
[WhiteElo "2308"]
[BlackElo "2329"]

1.d4 d5 2.c4 dxc4 3.Nf3 Nf6 4.e3 e6 5.Bxc4 c5 6.O-O a6 7.a4 Nc6 8.Qe2 cxd4
9.Rd1 Be7 10.exd4 O-O 11.Nc3 Nb4 12.Ne5 Nfd5 13.Ne4 Bd7 14.Ra3 Bc6 15.Rh3 g6
16.Qd2 h5 17.Qh6 Qe8 18.Rg3 {#r} 1-0

[Event "It (open)"]
[Site "masterchessopen.com Ljubljana (Slovenia)"]
[Round "0"]
[White "Potocnik Primoz (SLO)"]
[Black "Lampic Gorazd (SLO)"]
[Result "1-0"]
[WhiteElo "2138"]
[BlackElo "2122"]

1.d4 d5 2.c4 dxc4 3.Nf3 Nf6 4.e3 e6 5.Bxc4 c5 6.O-O a6 7.a4 Nc6 8.Qe2 cxd4
9.Rd1 Be7 10.exd4 Nd5 11.Nc3 O-O 12.Qe4 Ncb4 13.Ne5 b6 14.Qg4 Bb7 15.Bh6 Bf6
16.Ne4 Kh8 17.Bg5 Rc8 18.Ra3 Rc7 19.Rh3 Bxg5 20.Nxg5 Nf6 21.Bxe6 Nxg4 22.Ng6+
Kg8 23.Rxh7 {#r} 1-0

[Event "It (open) (w) \"]
[Site "masterchessopen.com Poland"]
[Round "0"]
[White "Merlini Milinka (FRA)"]
[Black "Nowicki Eva (GER)"]
[Result "0-1"]
[WhiteElo "2000"]
[BlackElo "2076"]

1.d4 d5 2.c4 dxc4 3.e3 Nf6 4.Bxc4 e6 5.Nf3 c5 6.O-O a6 7.dxc5 Qxd1 8.Rxd1 Bxc5
9.Nc3 b5 10.Bf1 Bb7 11.a3 Nbd7 12.Ne2 O-O 13.b4 Be7 14.Bb2 Nb6 15.Ned4 Na4
16.Bc1 Ne4 17.Bd3 Bf6 18.h4 Nec3 19.Re1 e5 20.Ne2 e4 21.Ned4 exd3 22.Bd2 Ne2+
23.Kh2 Bxf3 24.gxf3 Bxd4 25.exd4 Nxd4 {#R} 0-1

[Event "Ch Spain (team)"]
[Site "masterchessopen.com Spain"]
[Round "0"]
[White "Etchegaray Patrice (FRA)"]
[Black "Magem Badals Jordi (ESP)"]
[Result "1-0"]
[WhiteElo "2395"]
[BlackElo "2520"]

1.d4 d5 2.c4 dxc4 3.Nf3 Nf6 4.e3 e6 5.Bxc4 c5 6.O-O a6 7.a4 Nc6 8.Nc3 Qc7 9.b3
cxd4 10.exd4 Na5 11.Bg5 Nxc4 12.bxc4 Qxc4 13.Rc1 Qb4 14.Re1 Be7 15.Bxf6 gxf6
16.d5 O-O 17.Re4 Qa3 18.Nd2 f5 19.Re3 Qb4 20.Rh3 h6 21.Rxh6 Qg4 22.Nf3 Rd8
23.Rh3 Bd6 24.Rh4 Qg7 25.Ne2 {#r} 1-0

[Event "It (open) (b)"]
[Site "masterchessopen.com Stockholm (Sweden)"]
[Round "3"]
[White "Kyhle Bo (SWE)"]
[Black "Degerman Lars (SWE)"]
[Result "0-1"]
[WhiteElo "2193"]
[BlackElo "2480"]

1.d4 d5 2.Nf3 Nf6 3.c4 dxc4 4.e3 e6 5.Bxc4 c5 6.O-O a6 7.a4 b6 8.Nc3 Bb7 9.Qe2
Nbd7 10.Rd1 Qc7 11.e4 cxd4 12.Nxd4 Ne5 13.Ba2 Neg4 14.g3 Bc5 15.f3 Rd8 16.Bf4
Bxd4+ 17.Rxd4 Qc5 18.fxg4 Qxd4+ 19.Be3 Qb4 20.Rf1 Nxe4 21.g5 Nxc3 {#R} 0-1

[Event "Memorial T.Petrosian"]
[Site "masterchessopen.com Yerevan (Armenia)"]
[Round "7"]
[White "Petrosian Arshak B (ARM)"]
[Black "Suetin Alexei S (RUS)"]
[Result "1-0"]
[WhiteElo "2465"]
[BlackElo "2385"]

1.d4 Nf6 2.Nf3 d5 3.c4 dxc4 4.e3 e6 5.Bxc4 c5 6.O-O a6 7.Bb3 Nc6 8.Qe2 cxd4
9.Rd1 Be7 10.exd4 O-O 11.Nc3 Na5 12.Bc2 b5 13.Ne5 Bb7 14.Bg5 Nc6 15.Bxf6 Bxf6
16.Qe4 g6 17.Nxc6 Qc7 18.Qf3 b4 19.Qxf6 bxc3 20.Ne7+ {#r} 1-0

[Event "Ch Austria"]
[Site "masterchessopen.com Austria"]
[Round "10"]
[White "Loebler Heimo (AUT)"]
[Black "Zoebisch Herbert (AUT)"]
[Result "1-0"]
[WhiteElo "2250"]
[BlackElo "2149"]

1.d4 d5 2.c4 dxc4 3.e3 Nf6 4.Bxc4 e6 5.Nf3 c5 6.O-O a6 7.Bd3 Nc6 8.Nc3 cxd4
9.exd4 Be7 10.Bg5 O-O 11.Rc1 Nb4 12.Bb1 Nbd5 13.Ne5 Ne8 14.Qd3 g6 15.Bxe7 Qxe7
16.Nxd5 exd5 17.Qb3 Be6 18.Qb6 Rd8 19.Rc3 Rd6 20.Qa5 Qd8 21.Qc5 f6 22.Nd3 b6
23.Qa3 Nc7 24.Rcc1 a5 25.Nf4 Bd7 {#r} 1-0

[Event "It (cat.2)"]
[Site "masterchessopen.com Budapest (Hungary)"]
[Round "0"]
[White "Eperjesi Laszlo Dr (HUN)"]
[Black "Estrada Nieto Julian (MEX)"]
[Result "1-0"]
[WhiteElo "2280"]
[BlackElo "2295"]

1.d4 d5 2.Nf3 Nf6 3.e3 e6 4.c4 dxc4 5.Bxc4 c5 6.O-O a6 7.a4 Nc6 8.Qe2 Qc7
9.Rd1 Bd6 10.Nc3 O-O 11.b3 e5 12.dxc5 Bxc5 13.h3 e4 14.Nh2 Nb4 15.Bb2 Bf5
16.Na2 Nxa2 17.Rxa2 Nd7 18.Qh5 Bg6 19.Rxd7 Qxd7 20.Qe5 {#r} 1-0

[Event "It (open)"]
[Site "masterchessopen.com Kfar Sava (Israel)"]
[Round "0"]
[White "Shabtai Ran (ISR)"]
[Black "Gurevich Gregory (ISR)"]
[Result "0-1"]
[WhiteElo "2350"]
[BlackElo "2360"]

1.d4 d5 2.c4 dxc4 3.e3 Nf6 4.Bxc4 e6 5.Nf3 c5 6.O-O a6 7.a4 Nc6 8.Nc3 Be7
9.Ne5 Qc7 10.Nxc6 bxc6 11.a5 O-O 12.Na4 Rd8 13.Nb6 Ra7 14.Nxc8 Qxc8 15.Qe2
cxd4 16.exd4 Ra8 17.Rd1 Nd5 18.b3 {#R} 0-1

[Event "Ch Netherlands (team) 1995/96"]
[Site "masterchessopen.com Netherlands"]
[Round "5"]
[White "Konings Leon (NED)"]
[Black "Van Den Bersselaar Jeroen (NED)"]
[Result "1-0"]
[WhiteElo "2230"]
[BlackElo "2211"]

1.d4 d5 2.c4 dxc4 3.e3 Nf6 4.Bxc4 e6 5.Nf3 c5 6.O-O a6 7.a4 Nc6 8.Nc3 Qc7 9.h3
Bd6 10.b3 O-O 11.Bb2 cxd4 12.exd4 e5 13.Nd5 Nxd5 14.Bxd5 exd4 15.Rc1 Bf4
16.Rc4 Rd8 17.Bxc6 bxc6 18.Nxd4 Be5 19.Qc1 Bxd4 20.Bxd4 Be6 21.Rxc6 Qb7 22.Ba1
Rd5 23.h4 Rh5 24.Qc3 Kf8 25.Rc7 {#r} 1-0

[Event "Ch Moravia (open)"]
[Site "masterchessopen.com Prerov (Czech Republic)"]
[Round "6"]
[White "Michenka Jozef (CZE)"]
[Black "Skaroupka Jiri (CZE)"]
[Result "1-0"]
[WhiteElo "2375"]
[BlackElo "2192"]

1.d4 d5 2.c4 dxc4 3.Nf3 Nf6 4.e3 e6 5.Bxc4 c5 6.O-O a6 7.Bd3 Nc6 8.Nc3 Be7
9.dxc5 Bxc5 10.a3 b6 11.b4 Bd6 12.Bb2 Bb7 13.Qc2 Rc8 14.Rfd1 Ne7 15.Bxa6 Bxf3
16.gxf3 Qc7 17.Bxc8 Bxh2+ 18.Kg2 Nxc8 19.Qa4+ Kf8 20.Nb5 {#r} 1-0

[Event "It (open)"]
[Site "masterchessopen.com Balaguer (Spain)"]
[Round "7"]
[White "Guirao J"]
[Black "Lodhi Mahmood (PAK)"]
[Result "0-1"]
[WhiteElo "2080"]
[BlackElo "2355"]

1.d4 Nf6 2.c4 e6 3.Nf3 d5 4.e3 dxc4 5.Bxc4 c5 6.O-O a6 7.a4 Qc7 8.Nc3 cxd4
9.Qxd4 Nc6 10.Qd3 Bc5 11.e4 O-O 12.Bg5 Ng4 13.Ba2 Nce5 14.Bf4 Nxf2 15.Rxf2
Nxd3 16.Bxc7 Nxf2 17.Kf1 Nd3 18.Rd1 Nb4 19.Bc4 b6 20.Ne5 Ra7 21.Bd6 Rd8
22.Bxc5 Rxd1+ 23.Nxd1 bxc5 {#R} 0-1

[Event "It (open)"]
[Site "masterchessopen.com Graz (Austria)"]
[Round "0"]
[White "Loebler Heimo (AUT)"]
[Black "Vodep Otto (AUT)"]
[Result "1-0"]
[WhiteElo "2275"]
[BlackElo "2144"]

1.d4 d5 2.c4 dxc4 3.e3 Nf6 4.Bxc4 e6 5.Nf3 c5 6.O-O a6 7.Bd3 Nc6 8.Nc3 Qc7
9.a3 b5 10.dxc5 Bxc5 11.b4 Be7 12.Bb2 Bb7 13.Rc1 Rd8 14.Qc2 Qb6 15.Ne4 Nd5
16.Qe2 f6 17.Bb1 Kf7 18.Nh4 g6 19.Nf3 Rhf8 20.Nc5 Bxc5 21.Rxc5 Nce7 22.e4 Nf4
23.Qe3 g5 24.Bxf6 Kxf6 25.Rf5+ {#r} 1-0

[Event "It (open)"]
[Site "masterchessopen.com Hastings (England)"]
[Round "4"]
[White "Van Vaalen Remco (NED)"]
[Black "Shaw John (SCO)"]
[Result "0-1"]
[WhiteElo "2208"]
[BlackElo "2335"]

1.d4 d5 2.c4 dxc4 3.e3 Nf6 4.Bxc4 e6 5.Nf3 c5 6.O-O a6 7.a4 Nc6 8.Nc3 Be7
9.dxc5 Qc7 10.Qe2 Bxc5 11.e4 Ng4 12.h3 Nd4 13.hxg4 Nxe2+ 14.Bxe2 Bd7 15.Bg5 h6
16.Bh4 g5 {#R} 0-1

[Event "Ch Ireland"]
[Site "masterchessopen.com Ireland"]
[Round "7"]
[White "Quinn Mark (IRL)"]
[Black "O'Cinneide Mel (IRL)"]
[Result "1-0"]
[WhiteElo "2350"]
[BlackElo "2240"]

1.d4 d5 2.c4 dxc4 3.Nf3 Nf6 4.e3 e6 5.Bxc4 c5 6.O-O a6 7.Bb3 b5 8.a4 Bb7
9.axb5 axb5 10.Rxa8 Bxa8 11.Na3 b4 12.Ba4+ Nbd7 13.Nc4 Qc7 14.Nfe5 cxd4
15.Qxd4 Bc5 16.Qf4 Qb7 17.Bxd7+ Nxd7 18.Qxf7+ Kd8 19.Qxg7 {#r} 1-0

[Event "It (w)"]
[Site "masterchessopen.com Moscow (Russia)"]
[Round "0"]
[White "Alexandrova Olga (ESP)"]
[Black "Konopelchenkova Tatyana (RUS)"]
[Result "1-0"]
[WhiteElo "2200"]
[BlackElo "2161"]

1.d4 d5 2.c4 dxc4 3.Nf3 e6 4.e3 Nf6 5.Bxc4 c5 6.O-O a6 7.Nc3 b5 8.Bd3 Bb7
9.Qe2 Nc6 10.Rd1 cxd4 11.exd4 Nb4 12.Bb1 Nbd5 13.Ne5 Qb6 14.Bg5 Be7 15.Rd3 Rd8
16.a3 h6 17.Bd2 Bd6 18.Ba2 Bb8 19.Re1 O-O 20.Bxh6 gxh6 21.Rg3+ Kh8 22.Qd2 Ng8
23.Rxg8+ Kxg8 24.Qxh6 Rfe8 25.Re4 Nf6 26.Rh4 {#r} 1-0

[Event "It (open)"]
[Site "masterchessopen.com Muenster (Germany)"]
[Round "5"]
[White "Dydyshko Viacheslav (BLR)"]
[Black "Krallmann Matthias (GER)"]
[Result "1-0"]
[WhiteElo "2545"]
[BlackElo "2240"]

1.d4 d5 2.c4 dxc4 3.e3 Nf6 4.Bxc4 e6 5.Nf3 c5 6.O-O a6 7.Bd3 cxd4 8.exd4 Nc6
9.Nc3 Be7 10.Be3 b5 11.a4 bxa4 12.Qxa4 Bd7 13.Qd1 Nb4 14.Be2 O-O 15.Ne5 Be8
16.Qd2 Nfd5 17.Nxd5 exd5 18.Rfc1 Bb5 19.Bxb5 axb5 20.Qe2 f6 21.Rxa8 Qxa8
22.Nd7 Re8 23.Nc5 Nc6 24.Qxb5 Rb8 25.Qe2 Qa2 26.Bf4 {#r} 1-0

[Event "Memorial A.Petrov"]
[Site "masterchessopen.com St. Petersburg (Russia)"]
[Round "2"]
[White "Vaulin Alexander (RUS)"]
[Black "Zakharov Alexander S (RUS)"]
[Result "1-0"]
[WhiteElo "2485"]
[BlackElo "2340"]

1.d4 d5 2.c4 dxc4 3.Nf3 Nf6 4.e3 e6 5.Bxc4 c5 6.O-O a6 7.Bb3 Nc6 8.Nc3 Be7
9.Qe2 cxd4 10.Rd1 O-O 11.exd4 Qa5 12.d5 exd5 13.Nxd5 Nxd5 14.Bxd5 Bf6 15.Bg5
Nd4 16.Nxd4 Bxg5 17.Qe5 Qd8 18.Nf3 Bf6 19.Bxf7+ Kxf7 20.Qh5+ Kg8 21.Rxd8 Rxd8
22.Re1 g6 23.Qc5 a5 24.Ng5 Bxg5 25.Qxg5 Be6 26.h4 {#r} 1-0

[Event "It (open)"]
[Site "masterchessopen.com Ubeda (Spain)"]
[Round "3"]
[White "Akopian Vladimir (ARM)"]
[Black "Volzhin Alexander (RUS)"]
[Result "1-0"]
[WhiteElo "2630"]
[BlackElo "2485"]

1.d4 d5 2.c4 dxc4 3.e3 Nf6 4.Bxc4 e6 5.Nf3 c5 6.O-O a6 7.Bb3 Nc6 8.Qe2 cxd4
9.Rd1 d3 10.Rxd3 Qc7 11.Nc3 Be7 12.e4 Nd7 13.Nd5 exd5 14.exd5 Nc5 15.d6 Qd8
16.Ng5 Nxd3 17.Nxf7 Qd7 18.Nxh8 Qxd6 19.Qh5+ g6 20.Qxh7 Bf5 21.Qg8+ Bf8
22.Qf7+ Kd8 23.Qxb7 {#r} 1-0

[Event "It (open)"]
[Site "masterchessopen.com Ubeda (Spain)"]
[Round "7"]
[White "Ortega Lexy (ITA)"]
[Black "Magem Badals Jordi (ESP)"]
[Result "0-1"]
[WhiteElo "2495"]
[BlackElo "2570"]

1.d4 d5 2.c4 dxc4 3.e3 Nf6 4.Bxc4 e6 5.Nf3 c5 6.O-O a6 7.Bb3 cxd4 8.exd4 Be7
9.Nc3 O-O 10.Re1 Nc6 11.Bg5 Na5 12.Bc2 b5 13.d5 h6 14.Qd3 hxg5 15.Nxg5 g6
16.Nxe6 Bxe6 17.Rxe6 Nc4 18.Rae1 Bb4 19.Ne4 Nxd5 20.Qg3 Ra7 {#R} 0-1

[Event "It (open)"]
[Site "masterchessopen.com Aalborg (Denmark)"]
[Round "3"]
[White "Volzhin Alexander (RUS)"]
[Black "Hartman Christer (SWE)"]
[Result "1-0"]
[WhiteElo "2495"]
[BlackElo "2320"]

1.Nf3 d5 2.d4 Nf6 3.c4 dxc4 4.e3 e6 5.Bxc4 c5 6.O-O a6 7.Bb3 Nc6 8.Nc3 Be7
9.dxc5 Qxd1 10.Rxd1 Bxc5 11.Bd2 Ba7 12.Rac1 Ke7 13.Ng5 Bd7 14.Nce4 Nxe4
15.Nxe4 b6 16.Rxc6 Bxc6 17.Bb4+ Ke8 18.Nd6+ Ke7 19.e4 Bb8 20.e5 Bd5 21.Nc8+
Ke8 22.Nxb6 Ra7 23.Nxd5 exd5 24.Bxd5 {#r} 1-0

[Event "Ch NATO"]
[Site "masterchessopen.com Apt (France)"]
[Round "0"]
[White "Cadiou Jacques (FRA)"]
[Black "Charles Freddy"]
[Result "1-0"]
[WhiteElo "2011"]
[BlackElo "1785"]

1.d4 d5 2.c4 dxc4 3.Nf3 Nf6 4.e3 e6 5.Bxc4 c5 6.O-O a6 7.a4 Nc6 8.Qe2 Be7
9.Rd1 Qc7 10.Nc3 O-O 11.dxc5 Bxc5 12.Bd2 Nb4 13.Be1 Bd7 14.Rac1 Bc6 15.Na2
Nxa2 16.Bxa2 Qe7 17.Qc4 Bxf3 18.gxf3 Rac8 19.b4 Bd6 20.Qxc8 Bxh2+ 21.Kxh2 Rxc8
22.Rxc8+ Ne8 23.Rdd8 {#r} 1-0

[Event "Ch Greece"]
[Site "masterchessopen.com Athens (Greece)"]
[Round "2"]
[White "Nikolaidis Ioannis (GRE)"]
[Black "Logothetis Sotirios (GRE)"]
[Result "1-0"]
[WhiteElo "2520"]
[BlackElo "2225"]

1.d4 d5 2.c4 dxc4 3.Nf3 Nf6 4.e3 e6 5.Bxc4 c5 6.O-O a6 7.b3 cxd4 8.Nxd4 Bd7
9.Bb2 Nc6 10.Nf3 Be7 11.Nbd2 O-O 12.a3 Rc8 13.Qe2 Qc7 14.Bd3 Rfd8 15.Rac1 Qb8
16.Ne4 Ng4 17.Nc5 Nce5 18.Nxe5 Nxe5 19.Bxh7+ Kxh7 20.Qh5+ Kg8 21.Bxe5 Bd6
22.Bxd6 Qxd6 23.Nxb7 {#r} 1-0

[Event "It (open)"]
[Site "masterchessopen.com Biel (Switzerland)"]
[Round "1"]
[White "Cvitan Ognjen (CRO)"]
[Black "Giertz Niklaus (SUI)"]
[Result "1-0"]
[WhiteElo "2570"]
[BlackElo "2285"]

1.d4 d5 2.c4 dxc4 3.Nf3 Nf6 4.e3 e6 5.Bxc4 c5 6.O-O a6 7.Bb3 b5 8.a4 b4 9.a5
Bb7 10.Nbd2 Nbd7 11.e4 Nxe4 12.Nxe4 Bxe4 13.Ng5 Bd5 14.Bxd5 exd5 15.Re1+ Be7
16.Qh5 g6 17.Qh6 Nf6 18.Qg7 Kd7 19.Qxf7 {#r} 1-0

[Event "It (a)"]
[Site "masterchessopen.com Budapest (Hungary)"]
[Round "8"]
[White "Gonzalez Garcia Jose (MEX)"]
[Black "Lehmann Zoltan (HUN)"]
[Result "1-0"]
[WhiteElo "2420"]
[BlackElo "2275"]

1.d4 d5 2.Nf3 Nf6 3.c4 dxc4 4.e3 e6 5.Bxc4 c5 6.O-O a6 7.Bd3 Nbd7 8.Re1 b6
9.e4 cxd4 10.e5 Nd5 11.Nxd4 Bb7 12.Nxe6 fxe6 13.Qh5+ Ke7 14.Bg5+ N7f6 15.exf6+
gxf6 16.Bf5 Bc8 17.Nc3 fxg5 18.Rad1 Kf6 19.Qf3 exf5 20.Nxd5+ Kf7 21.Ne7 Qc7
22.Qd5+ Kg7 23.Qd4+ Kf7 24.Nxc8 Rxc8 25.Qxh8 {#r} 1-0

[Event "It (open)"]
[Site "masterchessopen.com Cappelle la Grande (France)"]
[Round "6"]
[White "Kempinski Robert (POL)"]
[Black "Danielian Oganes (ARM)"]
[Result "1-0"]
[WhiteElo "2530"]
[BlackElo "2420"]

1.d4 d5 2.Nf3 Nf6 3.c4 dxc4 4.e3 e6 5.Bxc4 c5 6.O-O a6 7.a4 Nc6 8.Qe2 cxd4
9.Rd1 Be7 10.exd4 O-O 11.Nc3 Nb4 12.Ne4 b6 13.Bd2 Nfd5 14.Rac1 Bb7 15.Ne5 Rc8
16.h3 Rc7 17.Qh5 Qc8 18.Bb3 f6 19.Nc4 Qd7 20.Nxb6 Qd8 21.Nxd5 Bxd5 22.Bxd5
Nxd5 23.Ba5 {#r} 1-0

[Event "It (open) (a)"]
[Site "masterchessopen.com Frydek-Mistek (Czech Republic)"]
[Round "8"]
[White "Zimmerman Yuri (ISR)"]
[Black "Szymczak Zbigniew (POL)"]
[Result "1-0"]
[WhiteElo "2380"]
[BlackElo "2300"]

1.d4 d5 2.Nf3 Nf6 3.c4 dxc4 4.e3 e6 5.Bxc4 c5 6.O-O a6 7.Bd3 Nbd7 8.a3 Be7
9.Nc3 O-O 10.Qe2 b6 11.Rd1 Qc7 12.Bc2 Bb7 13.e4 cxd4 14.Nxd4 Rad8 15.Bg5 h6
16.Bh4 Rfe8 17.Bg3 Qc8 18.Na4 {#r} 1-0

[Event "It (open) \"]
[Site "masterchessopen.com Jyvaskyla (Finland)"]
[Round "1"]
[White "Yrjola Jouni (FIN)"]
[Black "Puittinen Mika (FIN)"]
[Result "1-0"]
[WhiteElo "2420"]
[BlackElo "2144"]

1.d4 d5 2.c4 dxc4 3.Nf3 Nf6 4.e3 e6 5.Bxc4 c5 6.O-O a6 7.Bd3 Nc6 8.Nc3 Bd6
9.a3 O-O 10.Qe2 b5 11.dxc5 Bxc5 12.Ne4 Nxe4 13.Bxe4 Bb7 14.Qc2 Qb6 15.Bxh7+
Kh8 16.Bd3 Rac8 17.Qe2 Be7 18.Ne5 Bg5 19.Nd7 {#r} 1-0

[Event "Ch Russia (juniors) (under 20) (g)"]
[Site "masterchessopen.com Kolontaevo (Russia)"]
[Round "4"]
[White "Savitskaya Ekaterina P (RUS)"]
[Black "Polovnikova Ekaterina (RUS)"]
[Result "0-1"]
[WhiteElo "2260"]
[BlackElo "2270"]

1.d4 d5 2.c4 dxc4 3.Nf3 Nf6 4.e3 e6 5.Bxc4 c5 6.O-O a6 7.Bb3 Nc6 8.Nc3 Be7
9.Qe2 Qc7 10.dxc5 Bxc5 11.e4 Ng4 12.h3 Nd4 13.Ba4+ b5 {#R} 0-1

[Event "It (open) \"]
[Site "masterchessopen.com Pardubice (Czech Republic)"]
[Round "7"]
[White "Rogozenko Dorian (ROM)"]
[Black "Vaulin Alexander (RUS)"]
[Result "1-0"]
[WhiteElo "2490"]
[BlackElo "2530"]

1.d4 d5 2.c4 dxc4 3.e3 e6 4.Bxc4 Nf6 5.Nf3 c5 6.O-O a6 7.a4 Nc6 8.Qe2 cxd4
9.Rd1 Be7 10.exd4 O-O 11.Nc3 Nd5 12.Bb3 Ncb4 13.Ne5 Bd7 14.Qg4 Nf6 15.Qg3 Kh8
16.d5 exd5 17.Nxd5 Nbxd5 18.Bxd5 Be6 19.Bh6 gxh6 20.Bxe6 Qe8 21.Bb3 Ne4 22.Qf3
Ng5 23.Qf5 Rd8 24.h4 Ne6 25.Bc2 {#r} 1-0

[Event "Ch Poland (1/2 final)"]
[Site "masterchessopen.com Poraj (Poland)"]
[Round "4"]
[White "Jedynak Radoslaw (POL)"]
[Black "Szymczak Zbigniew (POL)"]
[Result "0-1"]
[WhiteElo "2140"]
[BlackElo "2300"]

1.d4 d5 2.c4 dxc4 3.Nf3 Nf6 4.e3 e6 5.Bxc4 c5 6.O-O a6 7.a4 Nc6 8.dxc5 Bxc5
9.Qe2 Qc7 10.Nc3 O-O 11.e4 Ng4 12.g3 Kh8 13.Ng5 Nf6 14.Bf4 e5 15.Nd5 Nxd5
16.exd5 exf4 17.Qh5 Bf5 18.dxc6 fxg3 19.hxg3 bxc6 20.Nxf7+ Rxf7 21.Bxf7 Qxg3+
22.Kh1 Qf4 23.Rae1 Bg4 {#R} 0-1

[Event "It (open) \"]
[Site "masterchessopen.com St. Petersburg (Russia)"]
[Round "5"]
[White "Vunder Andrey (RUS)"]
[Black "Anjuhin Alex (RUS)"]
[Result "0-1"]
[WhiteElo "2315"]
[BlackElo "2335"]

1.d4 d5 2.c4 dxc4 3.e3 e6 4.Bxc4 c5 5.Nf3 Nf6 6.O-O a6 7.a4 Nc6 8.Qe2 Qc7
9.Nc3 Bd6 10.dxc5 Bxc5 11.e4 Ng4 12.g3 Nge5 13.Nxe5 Nxe5 14.Ba2 O-O 15.Be3 Rd8
16.Rfd1 Bd7 17.Rac1 Bxe3 18.Qxe3 Qa5 19.Nd5 Bxa4 20.Rc5 Bb5 21.Ne7+ Kh8 22.Ra1
Qxa2 23.Qc1 Qb3 24.Rxe5 Rd7 25.Nc8 Bc6 {#R} 0-1

[Event "Ch Europe (juniors) (under 14)"]
[Site "masterchessopen.com Tallinn (Estonia)"]
[Round "5"]
[White "Kunin Vitaly (GER)"]
[Black "Shoham Asaf (ISR)"]
[Result "1-0"]
[WhiteElo "2225"]
[BlackElo "2233"]

1.d4 d5 2.c4 dxc4 3.e3 Nf6 4.Bxc4 e6 5.Nf3 c5 6.O-O a6 7.a4 Nc6 8.Nc3 cxd4
9.exd4 Be7 10.Re1 O-O 11.Ba2 Nb4 12.Bb1 b6 13.Ne5 Bb7 14.Bg5 Nfd5 15.Nxd5 Bxd5
16.Bxe7 Qxe7 17.Ra3 f5 {#r} 1-0

[Event "It (open)"]
[Site "masterchessopen.com Bad Wiessee (Germany)"]
[Round "2"]
[White "Krallmann Matthias (GER)"]
[Black "Senk Christian (GER)"]
[Result "1-0"]
[WhiteElo "2285"]
[BlackElo "2162"]

1.d4 d5 2.c4 dxc4 3.e3 e6 4.Bxc4 Nf6 5.Nf3 c5 6.O-O a6 7.a4 Nc6 8.Nc3 Be7
9.Qe2 cxd4 10.Rd1 Qc7 11.exd4 Nb4 12.Bg5 O-O 13.Rac1 Qa5 14.Qe5 Nc6 15.Qg3 Rd8
16.Bd3 Nxd4 17.Nxd4 Rxd4 18.Bxh7+ Nxh7 19.Bxe7 e5 20.b4 Qb6 21.Bc5 Rxd1+
22.Rxd1 Qc7 23.Nd5 {#r} 1-0

[Event "Ch Brazil (1/2 final)"]
[Site "masterchessopen.com Brazil"]
[Round "0"]
[White "Franco Haroldo (BRA)"]
[Black "Chang Suzana (BRA)"]
[Result "1-0"]
[WhiteElo "2138"]
[BlackElo "2001"]

1.d4 d5 2.Nf3 Nf6 3.c4 dxc4 4.e3 e6 5.Bxc4 c5 6.O-O a6 7.a4 Nc6 8.Qe2 cxd4
9.Rd1 Qa5 10.exd4 Be7 11.Bg5 O-O 12.Nc3 Rd8 13.d5 Nxd5 14.Nxd5 exd5 15.Bxe7
Re8 16.Rxd5 Qb6 17.Bc5 Rxe2 18.Bxb6 Rxb2 19.Be3 Be6 20.Rc5 Bxc4 21.Rxc4 Rd8
22.h3 f6 23.Nd4 {#r} 1-0

[Event "It (cat.8)"]
[Site "masterchessopen.com Budapest (Hungary)"]
[Round "6"]
[White "Barbero Gerardo F (ARG)"]
[Black "Lazarev Vladimir (FRA)"]
[Result "0-1"]
[WhiteElo "2415"]
[BlackElo "2450"]

1.d4 d5 2.c4 dxc4 3.e3 Nf6 4.Bxc4 e6 5.Nf3 c5 6.O-O a6 7.a4 Nc6 8.Nc3 Bd6
9.Qe2 O-O 10.Rd1 Qc7 11.b3 Rd8 12.Bb2 cxd4 13.exd4 Na5 14.Ne5 Bd7 15.Rd3 Be8
16.Rh3 Be7 17.Ne4 Nc6 18.Nxf6+ Bxf6 19.Qh5 h6 20.Ng4 Bg5 21.Rd3 b5 22.axb5
axb5 23.Rxa8 Rxa8 24.Bxb5 f5 25.Qh3 Qa5 26.Nxh6+ Bxh6 {#R} 0-1

[Event "It (open)"]
[Site "masterchessopen.com Haarlem (Netherlands)"]
[Round "3"]
[White "Bosboom Manuel (NED)"]
[Black "Van Den Bergh Jan (NED)"]
[Result "1-0"]
[WhiteElo "2490"]
[BlackElo "2068"]

1.d4 d5 2.c4 dxc4 3.Nf3 Nf6 4.e3 e6 5.Bxc4 c5 6.O-O a6 7.Nc3 b5 8.Bb3 Bb7 9.e4
cxd4 10.Nxd4 Nbd7 11.Re1 Nc5 12.Bd5 Qb6 13.b4 Ncd7 14.Be3 exd5 15.exd5 Bxb4
16.Nc6 Bxc3 17.Bxb6+ Kf8 18.Bc7 g6 19.Re3 Bxa1 20.Qxa1 {#r} 1-0